[Event "Nova Gorica op 23rd"]
[Site "Nova Gorica"]
[Date "2018.01.28"]
[Round "5"]
[White "Juretic, Lejla"]
[Black "Paternoster, Janez"]
[Result "1-0"]
[WhiteElo "1920"]
[BlackElo "1653"]
[PlyCount "82"]
[EventDate "2018.01.26"]
[EventType "swiss"]
[EventRounds "9"]
[EventCountry "SLO"]
[SourceTitle "CBM 182 Extra"]
[Source "ChessBase"]
[SourceDate "2018.02.23"]
[SourceVersion "1"]
[SourceVersionDate "2018.02.23"]
[SourceQuality "1"]

1. d4 d5 2. Nf3 Nf6 3. e3 c5 4. Bd3 Nc6 5. c3 Bg4 6. Nbd2 e6 7. 0-0 Bd6 8. h3 Bh5 9. Qe2 0-0 10. Re1 cxd4 11. exd4 Qc7 12. g4 Bg6 13. Bxg6 hxg6 14. Ne5 Nd7 15. f4 Ndxe5 16. fxe5 Be7 17. Nf3 Qd7 18. Bg5 Rae8 19. Bxe7 Qxe7 20. Rf1 f6 21. Nh4 Kh7 22. exf6 Rxf6 23. Nf3 Kg8 24. Ne5 Ref8 25. Rae1 Nxe5 26. Qxe5 Rxf1+ 27. Rxf1 Rxf1+ 28. Kxf1 Qf6+ 29. Kg2 Kf7 30. Kg3 g5 31. Kg2 Qf4 32. Qxf4+ gxf4 33. h4 Kf6 34. Kf3 g5 35. hxg5+ Kxg5 36. a4 b6 37. b3 a5 38. c4 e5 39. dxe5 d4 40. e6 d3 41. e7 d2 1-0

[Event "Trieste op 19th"]
[Site "Trieste"]
[Date "2017.09.06"]
[Round "6"]
[White "Juretic, Lejla"]
[Black "Simoni, Giulio"]
[Result "0-1"]
[WhiteElo "1930"]
[BlackElo "2134"]
[PlyCount "114"]
[EventDate "2017.09.02"]
[EventType "swiss"]
[EventRounds "9"]
[EventCountry "ITA"]
[SourceTitle "CBM 180 Extra"]
[Source "ChessBase"]
[SourceDate "2017.10.06"]
[SourceVersion "1"]
[SourceVersionDate "2017.10.06"]
[SourceQuality "1"]

1. d4 Nf6 2. Nf3 e6 3. e3 b6 4. Bd3 Bb7 5. Nbd2 c5 6. 0-0 Be7 7. b3 0-0 8. Bb2 d6 9. Qe2 Nc6 10. a3 Qc7 11. c4 cxd4 12. exd4 d5 13. Rac1 Rac8 14. Bb1 Ba6 15. Rfe1 Rfd8 16. Qe3 Ng4 17. Qd3 g6 18. h3 Nf6 19. Qe3 Bf8 20. Ne5 dxc4 21. Nxc6 Qxc6 22. bxc4 Bg7 23. Bd3 Bb7 24. Nf3 Nd7 25. Bc3 Nb8 26. Red1 Qc7 27. Ba1 Bxf3 28. gxf3 Qd6 29. Bf1 Nd7 30. Bc3 Nf6 31. Bb4 Qd7 32. Bc3 Nh5 33. d5 Bxc3 34. Rxc3 Qd6 35. Rcd3 e5 36. R3d2 Kg7 37. Re1 Re8 38. Qb3 Rc5 39. a4 Qe7 40. Qe3 Qd6 41. Qc3 f6 42. Qb2 Rec8 43. Qb4 Qd7 44. Rc2 Nf4 45. Kh2 Rxd5 46. cxd5 Rxc2 47. Kg1 Qxd5 48. Qe7+ Qf7 49. Qd8 Qc7 50. Qe8 Qc5 51. Qd7+ Kh6 52. Re3 Rc1 53. Qd2 Qc4 54. Re1 Rxe1 55. Qxe1 Qxa4 56. Kh2 a5 57. Qd2 Qd4 0-1

[Event "Nova Gorica op 22nd"]
[Site "Nova Gorica"]
[Date "2017.02.01"]
[Round "8"]
[White "Gregoric, Andraz"]
[Black "Juretic, Lejla"]
[Result "0-1"]
[WhiteElo "1648"]
[BlackElo "1857"]
[PlyCount "84"]
[EventDate "2017.01.27"]
[EventType "swiss"]
[EventRounds "9"]
[EventCountry "SLO"]
[SourceTitle "CBM 176 Extra"]
[Source "ChessBase"]
[SourceDate "2017.03.02"]
[SourceVersion "1"]
[SourceVersionDate "2017.03.02"]
[SourceQuality "1"]

1. e4 e5 2. Nf3 Nf6 3. Nxe5 d6 4. Nf3 Nxe4 5. d4 d5 6. Bd3 Be7 7. 0-0 Nc6 8. Re1 Bg4 9. c3 f5 10. h3 Bh5 11. Qc2 0-0 12. Nh2 Bh4 13. Bxe4 fxe4 14. Be3 Qd7 15. a3 Nd8 16. Nd2 Ne6 17. c4 c6 18. cxd5 cxd5 19. Ndf1 Qd6 20. Qd2 Rf7 21. Ng4 Raf8 22. Re2 Rf5 23. Qb4 Qd7 24. Nfh2 Be7 25. Qd2 Nf4 26. Bxf4 Rxf4 27. Ne5 Qe6 28. f3 Bd6 29. Neg4 Qg6 30. fxe4 Rxe4 31. Rxe4 dxe4 32. Rf1 Rxf1+ 33. Kxf1 Bxh2 34. Nxh2 Qg3 35. Qa5 Qd3+ 36. Kf2 Qxd4+ 37. Kg3 Qe3+ 38. Kh4 Qf4+ 39. g4 Be8 40. Qd5+ Kh8 41. Qf5 g5+ 42. Qxg5 Qf2# 0-1

[Event "Nova Gorica op 22nd"]
[Site "Nova Gorica"]
[Date "2017.01.29"]
[Round "5"]
[White "Juretic, Lejla"]
[Black "Urh, Zala"]
[Result "0-1"]
[WhiteElo "1857"]
[BlackElo "2049"]
[PlyCount "70"]
[EventDate "2017.01.27"]
[EventType "swiss"]
[EventRounds "9"]
[EventCountry "SLO"]
[SourceTitle "CBM 176 Extra"]
[Source "ChessBase"]
[SourceDate "2017.03.02"]
[SourceVersion "1"]
[SourceVersionDate "2017.03.02"]
[SourceQuality "1"]

1. d4 Nf6 2. Nf3 e6 3. e3 b6 4. Bd3 Bb7 5. 0-0 d5 6. b3 Bd6 7. Bb2 0-0 8. Ne5 c5 9. Nd2 Nc6 10. f4 Qc7 11. Qf3 Nb4 12. Rfc1 cxd4 13. exd4 Nxd3 14. cxd3 Qe7 15. Qe2 Rfc8 16. Ndf3 h6 17. g3 Ba6 18. Qd2 Qe8 19. b4 Qb5 20. Bc3 Qa4 21. a3 Ne8 22. Bb2 Qb3 23. Ne1 Bb5 24. Rc3 Rxc3 25. Qxc3 Qxc3 26. Bxc3 Rc8 27. Bb2 Ba4 28. Rc1 Rxc1 29. Bxc1 Nc7 30. Kf2 f6 31. N5f3 Nb5 32. Ke3 Kf7 33. Kd2 g5 34. fxg5 hxg5 35. g4 Bf4+ 0-1

[Event "Nova Gorica op 21st"]
[Site "Nova Gorica"]
[Date "2016.02.04"]
[Round "9"]
[White "Urh, Zala"]
[Black "Juretic, Lejla"]
[Result "1-0"]
[WhiteElo "1923"]
[BlackElo "1513"]
[PlyCount "117"]
[EventDate "2016.01.29"]
[EventType "swiss"]
[EventRounds "9"]
[EventCountry "SLO"]
[SourceTitle "CBM 170 Extra"]
[Source "ChessBase"]
[SourceDate "2016.02.25"]
[SourceVersion "1"]
[SourceVersionDate "2016.02.25"]
[SourceQuality "1"]

1. d4 d5 2. c4 c6 3. Nc3 Nf6 4. Nf3 dxc4 5. a4 Bf5 6. e3 e6 7. Bxc4 Bb4 8. 0-0 0-0 9. Qe2 Nbd7 10. e4 Bg6 11. Bd3 Rc8 12. Bg5 Be7 13. Rfd1 h6 14. Bf4 Qb6 15. h3 a5 16. d5 cxd5 17. exd5 Bxd3 18. Rxd3 Nc5 19. Rdd1 Rfd8 20. dxe6 Nxe6 21. Be3 Bc5 22. Bxc5 Nxc5 23. Rac1 Nb3 24. Rc2 Re8 25. Qf1 Ne4 26. Nd5 Qe6 27. Rxc8 Rxc8 28. Qb5 Nec5 29. Ne3 Qe4 30. Nc4 Qc2 31. Rf1 Nd3 32. Ne3 Qxb2 33. Qxd3 Nc1 34. Qd7 Ne2+ 35. Kh1 Rf8 36. Qd2 Qxd2 37. Nxd2 Nc3 38. Ra1 Kh7 39. Ndc4 Ra8 40. Nb6 Ra6 41. Nec4 Kg6 42. f3 Kf5 43. Ra3 Ne2 44. Re3 Nd4 45. Re7 Kf6 46. Rxb7 Ne6 47. Kg1 Nc5 48. Rc7 Ne6 49. Rd7 Nf4 50. Rd6+ Kg5 51. g3 Ne2+ 52. Kf2 Nc3 53. Rd3 Na2 54. Rd5+ Kf6 55. Rxa5 Rxa5 56. Nxa5 Nb4 57. Nac4 Ke6 58. a5 Na6 59. Ke3 1-0

[Event "EU-ch U14 Girls 25th"]
[Site "Porec"]
[Date "2015.09.23"]
[Round "3"]
[White "Beshukova, Alina"]
[Black "Juretic, Lejla"]
[Result "1-0"]
[WhiteElo "1862"]
[BlackElo "1666"]
[PlyCount "99"]
[EventDate "2015.09.21"]
[EventType "swiss"]
[EventRounds "9"]
[EventCountry "CRO"]
[SourceTitle "EXT 2016"]
[Source "ChessBase"]
[SourceDate "2015.10.08"]
[SourceVersion "1"]
[SourceVersionDate "2015.10.08"]
[SourceQuality "1"]

1. d4 d5 2. c4 c6 3. e3 Nf6 4. Nc3 Bf5 5. Nf3 e6 6. Be2 Nbd7 7. Nh4 Bg6 8. Nxg6 hxg6 9. Qc2 Bd6 10. g3 Qe7 11. c5 Bc7 12. b4 e5 13. Bb2 Qe6 14. a4 Ng4 15. h4 Nxe3 16. fxe3 exd4 17. exd4 Bxg3+ 18. Kd1 Rxh4 19. Rxh4 Bxh4 20. Qd3 Nf6 21. Kc2 Ne4 22. b5 Nxc3 23. Bxc3 Rb8 24. Be1 Bxe1 25. Rxe1 Qe4 26. Kc3 Qxd3+ 27. Bxd3+ Kd7 28. Rf1 Rf8 29. Bxg6 Ke7 30. Bd3 g6 31. Kd2 f5 32. Ke3 Kf6 33. Kf4 Re8 34. Rf2 Rh8 35. Kg3 Kg5 36. Rh2 Re8 37. Re2 Rb8 38. Re6 Kh5 39. Be2+ Kg5 40. Bd3 Rh8 41. bxc6 bxc6 42. Rxc6 Rb8 43. Bb5 f4+ 44. Kg2 Rf8 45. Kf3 Rh8 46. Rd6 Rh3+ 47. Kg2 Rg3+ 48. Kf2 Kf5 49. c6 Ke4 50. c7 1-0

[Event "Nova Gorica op-A 20th"]
[Site "Nova Gorica"]
[Date "2015.01.31"]
[Round "3"]
[White "Dzamastagic, Elvis"]
[Black "Juretic, Lejla"]
[Result "1/2-1/2"]
[WhiteElo "1490"]
[BlackElo "1690"]
[PlyCount "49"]
[EventDate "2015.01.30"]
[EventType "swiss"]
[EventRounds "9"]
[EventCountry "SLO"]
[SourceTitle "CBM 164 Extra"]
[Source "ChessBase"]
[SourceDate "2015.03.02"]
[SourceVersion "1"]
[SourceVersionDate "2015.03.02"]
[SourceQuality "1"]

1. e4 e5 2. Nf3 Nf6 3. Nxe5 d6 4. Nf3 Nxe4 5. Nc3 Nxc3 6. dxc3 Nd7 7. Bc4 Nf6 8. h3 Be7 9. 0-0 0-0 10. Be3 d5 11. Bd3 c6 12. c4 dxc4 13. Bxc4 Bf5 14. c3 Qc7 15. Qb3 Bg6 16. Rad1 b5 17. Bd3 a6 18. Bxg6 hxg6 19. Rfe1 Nd5 20. Bd4 Bf6 21. Bxf6 Nxf6 22. Ne5 c5 23. Qc2 Rfe8 24. Nf3 a5 25. b3 1/2-1/2

[Event "EU-ch U12 Girls 23rd"]
[Site "Budva"]
[Date "2013.10.07"]
[Round "8"]
[White "Juretic, Lejla"]
[Black "Schneider, Jana"]
[Result "0-1"]
[WhiteElo "1446"]
[BlackElo "1788"]
[PlyCount "74"]
[EventDate "2013.09.29"]
[EventType "swiss"]
[EventRounds "9"]
[EventCountry "MNE"]
[SourceTitle "EXT 2014"]
[Source "ChessBase"]
[SourceDate "2013.11.20"]
[SourceVersion "1"]
[SourceVersionDate "2013.11.20"]
[SourceQuality "1"]

1. d4 d5 2. Nf3 Nf6 3. Bf4 c5 4. e3 Nc6 5. Nbd2 Qb6 6. dxc5 Qxb2 7. Rb1 Qc3 8. Bb5 a6 9. Bxc6+ bxc6 10. 0-0 Qxc5 11. Nd4 e6 12. N2f3 Bd6 13. Bxd6 Qxd6 14. Rb6 Bd7 15. Qd3 e5 16. Nf5 Bxf5 17. Qxf5 Nd7 18. Rb7 Rd8 19. Ng5 Qg6 20. Qxg6 hxg6 21. Rfb1 d4 22. exd4 Rh5 23. Nf3 exd4 24. Re1+ Kf8 25. Nxd4 Rc5 26. Ra7 Rc4 27. Rd1 Ke8 28. Re1+ Kf8 29. h3 Rxd4 30. Rxa6 c5 31. Rc6 Rd2 32. a4 Rxc2 33. Rd6 Ra2 34. Red1 Ke7 35. Ra6 c4 36. Re1+ Kf8 37. Re4 Nc5 0-1

[Event "EU-ch U12 Girls 23rd"]
[Site "Budva"]
[Date "2013.09.30"]
[Round "2"]
[White "Juretic, Lejla"]
[Black "Beshukova, Alina"]
[Result "0-1"]
[WhiteElo "1446"]
[BlackElo "1745"]
[PlyCount "86"]
[EventDate "2013.09.29"]
[EventType "swiss"]
[EventRounds "9"]
[EventCountry "MNE"]
[SourceTitle "EXT 2014"]
[Source "ChessBase"]
[SourceDate "2013.11.20"]
[SourceVersion "1"]
[SourceVersionDate "2013.11.20"]
[SourceQuality "1"]

1. d4 Nf6 2. Nf3 g6 3. Bf4 d5 4. e3 Bg7 5. Nbd2 Nbd7 6. Bd3 c5 7. c3 0-0 8. 0-0 a6 9. e4 dxe4 10. Nxe4 cxd4 11. cxd4 Nd5 12. Bg3 Qb6 13. Bc4 N5f6 14. Nxf6+ Nxf6 15. Qd3 Bf5 16. Qd2 Ne4 17. Qe3 Rfd8 18. Rfd1 Qxb2 19. Be5 Qc3 20. Bd3 Bxe5 21. dxe5 Nxf2 22. Kxf2 Rxd3 23. Rxd3 Qxd3 24. Qxd3 Bxd3 25. Rd1 Bb5 26. Rc1 Rd8 27. Rc7 Rd7 28. Rc3 Bc6 29. a3 Bxf3 30. Kxf3 e6 31. Kf4 Rd2 32. Kg3 Re2 33. Rc7 Rxe5 34. Rxb7 Re3+ 35. Kh4 Rxa3 36. Kg5 Kg7 37. Kf4 a5 38. Ra7 a4 39. h4 Ra1 40. g3 a3 41. Kg4 a2 42. Kg5 h6+ 43. Kg4 e5 0-1